[Event "Lansing (Aug)"]
[Site "?"]
[Date "1992.??.??"]
[Round "?"]
[White "Purkey, L."]
[Black "Vangilder, D."]
[Result "1-0"]
[WhiteElo "1605"]
[BlackElo "1605"]
[PlyCount "120"]
[EventDate "1992.??.??"]

1. e4 Nf6 2. e5 Nd5 3. c4 Nb6 4. d4 d6 5. exd6 cxd6 6. Nf3 g6 7. Be2 Bg7 8. Be3
O-O 9. Qd2 Re8 10. h4 Bg4 11. Bh6 Bh8 12. h5 Bxh5 13. Rxh5 e5 14. Rh3 Nc6 15.
dxe5 Nxe5 16. Nxe5 Bxe5 17. Na3 Rc8 18. O-O-O Na4 19. Rdh1 Qb6 20. Rb3 Qxf2 21.
Bg4 Qxd2+ 22. Bxd2 Rc7 23. Rb4 Nc5 24. Kc2 a6 25. Re1 Ree7 26. Nb1 b5 27. cxb5
Ne4+ 28. Nc3 Nxc3 29. Bxc3 axb5 30. Rxb5 f5 31. Bf3 Kg7 32. Kb1 Kf6 33. Bxe5+
dxe5 34. a4 e4 35. Bd1 Red7 36. a5 Rd6 37. Rh1 Kg5 38. b4 Rd2 39. g4 e3 40. Re5
Kf4 41. Re8 Rc4 42. Rf1+ Kg5 43. Rxe3 Rxb4+ 44. Bb3 Rd5 45. gxf5 gxf5 46. a6
Ra5 47. Rh1 Rxa6 48. Rxh7 Rf6 49. Rg3+ Kf4 50. Rgh3 Rg6 51. Kc1 Rd4 52. Kb2 Rg3
53. Rh2 Ke3 54. Re7+ Re4 55. Rc7 Rd4 56. Bc2 Rb4+ 57. Ka3 Rb5 58. Ka4 Rd5 59.
Rc3+ Kf4 60. Rf2+ Kg4 1-0

[Event "Flint (Class DE/2)"]
[Site "?"]
[Date "1992.??.??"]
[Round "?"]
[White "Purkey, L."]
[Black "Sabo, B."]
[Result "0-1"]
[WhiteElo "1605"]
[BlackElo "1605"]
[PlyCount "52"]
[EventDate "1992.??.??"]

1. Nf3 d6 2. g3 e5 3. Bg2 Nf6 4. Nc3 c6 5. e4 Bg4 6. h3 Bh5 7. O-O d5 8. g4 Bg6
9. exd5 e4 10. dxc6 Nxc6 11. Nh4 Bb4 12. Nxg6 fxg6 13. Nxe4 O-O 14. d3 Nd5 15.
Bd2 Nf4 16. Bxf4 Rxf4 17. c3 Bd6 18. Qb3+ Rf7 19. Nxd6 Qxd6 20. Bd5 Raf8 21.
Rae1 Ne5 22. Bxf7+ Rxf7 23. f4 Qxd3 24. Rf2 Qg3+ 25. Kf1 Qxh3+ 26. Ke2 Qd3# 0-1

[Event "Detroit (Pan Am/2)"]
[Site "?"]
[Date "1992.??.??"]
[Round "?"]
[White "Pukel, B."]
[Black "Tracz, J."]
[Result "0-1"]
[WhiteElo "1900"]
[BlackElo "1690"]
[PlyCount "96"]
[EventDate "1992.??.??"]

1. c4 Nf6 2. g3 g6 3. Bg2 Bg7 4. Nc3 O-O 5. Nf3 d5 6. cxd5 Nxd5 7. O-O c5 8.
Qb3 Nxc3 9. dxc3 Nc6 10. Be3 Na5 11. Qb5 b6 12. Rad1 Qe8 13. Qxe8 Rxe8 14. Ng5
Bb7 15. Rd7 Bxg2 16. Kxg2 Nc4 17. Bc1 h6 18. Nf3 e5 19. b3 e4 20. bxc4 exf3+
21. Kxf3 g5 22. h4 g4+ 23. Kxg4 Rxe2 24. a3 Re4+ 25. Kf5 Rae8 26. f4 Rxc4 27.
Rxa7 Rxc3 28. g4 Rd3 29. g5 h5 30. Rxf7 Kxf7 31. g6+ Kg8 32. Kg5 Rd5+ 33. f5
Ree5 34. a4 Bf8 35. g7 Bxg7 36. Kg6 Bf8 37. Bb2 Re4 38. Kxh5 Rd2 39. Rg1+ Kf7
40. Rg6 Rd5 41. Rf6+ Ke8 42. Kg6 Rd6 43. h5 Rg4+ 44. Kh7 Rxf6 45. Bxf6 Kf7 46.
Bh8 Rg5 47. h6 Rh5 48. Bg7 Bxg7 0-1

[Event "Detroit (Pan Am/6)"]
[Site "?"]
[Date "1992.??.??"]
[Round "?"]
[White "Pukel, B."]
[Black "Miller, Dan"]
[Result "1-0"]
[WhiteElo "1900"]
[BlackElo "1605"]
[PlyCount "89"]
[EventDate "1992.??.??"]

1. c4 Nf6 2. g3 d5 3. cxd5 Nxd5 4. Bg2 Nc6 5. Nf3 Bg4 6. Qb3 Be6 7. Qxb7 Na5 8.
Qb5+ c6 9. Qa4 Rb8 10. d3 Bd7 11. Bd2 Nb7 12. Ne5 Nc5 13. Qc4 e6 14. b4 Qf6 15.
f4 Na4 16. a3 Nab6 17. Qd4 Bd6 18. e4 Nc7 19. Qxd6 Nb5 20. Qc5 Rb7 21. a4 Nc7
22. Bc3 Qe7 23. Qxe7+ Kxe7 24. Nxd7 Nxd7 25. Nd2 f6 26. Nc4 Rbb8 27. Na5 Rb6
28. Ke2 e5 29. Bh3 exf4 30. gxf4 Re8 31. Nc4 Ra6 32. Rhg1 g6 33. Bxd7 Kxd7 34.
Bxf6 Nd5 35. Be5 Nxb4 36. a5 c5 37. Rgc1 Kc6 38. d4 Rd8 39. d5+ Kb7 40. Ne3 Re8
41. Rxc5 Ka8 42. Rc4 g5 43. Rxb4 gxf4 44. Bxf4 h5 45. Rab1 1-0

[Event "Detroit (Pan Am/4)"]
[Site "?"]
[Date "1992.??.??"]
[Round "?"]
[White "Pukel, B."]
[Black "Metzelaar, J."]
[Result "1-0"]
[WhiteElo "1900"]
[BlackElo "1730"]
[PlyCount "99"]
[EventDate "1992.??.??"]

1. c4 Nf6 2. g3 e6 3. Bg2 d5 4. Nf3 c5 5. O-O Nc6 6. b3 Be7 7. Bb2 O-O 8. Na3
a6 9. d3 d4 10. Nc2 Rb8 11. b4 cxb4 12. Ncxd4 Nxd4 13. Nxd4 Re8 14. Qc2 e5 15.
Nf3 Bd6 16. c5 Bc7 17. Rfd1 Bf5 18. Qc4 a5 19. Ng5 Bg6 20. Rac1 h6 21. Nf3 Qd5
22. Qxd5 Nxd5 23. Nh4 Ne7 24. Nxg6 Nxg6 25. Bd5 Ne7 26. e4 Nc6 27. Kg2 Rf8 28.
h4 h5 29. Rc4 Kh7 30. d4 exd4 31. f4 f6 32. Bxd4 Nxd4 33. Rcxd4 Rfe8 34. Bf7
Re7 35. Bxh5 Kh6 36. Bf3 b5 37. Rd7 Rxd7 38. Rxd7 Bd8 39. e5 fxe5 40. fxe5 Kh7
41. Be4+ Kg8 42. c6 a4 43. c7 Bxc7 44. Rxc7 b3 45. axb3 a3 46. b4 Rd8 47. Ra7
Rd2+ 48. Kh3 a2 49. Rxa2 Rxa2 50. Bd5+ 1-0

[Event "Detroit (MI Op/5/39)"]
[Site "?"]
[Date "1992.??.??"]
[Round "?"]
[White "Proszkow, T."]
[Black "Manion, Tom"]
[Result "0-1"]
[WhiteElo "1770"]
[BlackElo "1875"]
[PlyCount "60"]
[EventDate "1992.??.??"]

{5/(39)} 1. e4 e5 2. Nf3 Nf6 3. d3 Nc6 4. Be2 Bc5 5. Nc3 d5 6. Bg5 d4 7. Nd5
Be7 8. Nxe7 Qxe7 9. a3 h6 10. Bd2 Bg4 11. h3 Be6 12. O-O O-O-O 13. b4 a6 14. c4
dxc3 15. Bxc3 Nxe4 16. Qc2 Nxc3 17. Qxc3 Nd4 18. Nxd4 exd4 19. Qc2 Bd5 20. Bg4+
Kb8 21. Rfe1 Qg5 22. g3 h5 23. Bd1 Qf5 24. g4 hxg4 25. Re7 Rc8 26. f3 gxf3 27.
Qh2 Rxh3 28. Qe5 Qg4+ 29. Kf2 Qg2+ 30. Ke1 Rh1# 0-1

[Event "Detroit (MI Op/2/47)"]
[Site "?"]
[Date "1992.??.??"]
[Round "?"]
[White "Proszkow, T."]
[Black "Alexander, J."]
[Result "1/2-1/2"]
[WhiteElo "1770"]
[BlackElo "1890"]
[PlyCount "48"]
[EventDate "1992.??.??"]

{2/(47)} 1. d4 d5 2. Nf3 Nf6 3. c4 e6 4. a3 Be7 5. Nc3 O-O 6. e3 c6 7. Bd3 dxc4
8. Bxc4 Nbd7 9. O-O c5 10. dxc5 Nxc5 11. b4 Nce4 12. Nxe4 Nxe4 13. Bb2 Bf6 14.
Qc2 Bxb2 15. Qxb2 Qf6 16. Qc2 Ng5 17. Nxg5 Qxg5 18. Rfd1 e5 19. Bd5 Bg4 20. Rd3
Rac8 21. Qb2 Rc7 22. Rc1 Rfc8 23. Rxc7 Rxc7 24. Rc3 Qe7 1/2-1/2

[Event "Detroit (MOR/3/112)"]
[Site "?"]
[Date "1992.??.??"]
[Round "?"]
[White "Pratto, R."]
[Black "Thomas, A."]
[Result "1-0"]
[WhiteElo "1605"]
[BlackElo "1605"]
[PlyCount "67"]
[EventDate "1992.??.??"]

{3/(112)} 1. d4 e6 2. e3 d5 3. Nf3 Nf6 4. Bd3 Nc6 5. Nbd2 Bd6 6. c3 e5 7. dxe5
Nxe5 8. Nxe5 Bxe5 9. Nf3 Bg4 10. h3 Bxf3 11. Qxf3 O-O 12. Bd2 Re8 13. O-O c6
14. Rfe1 Bc7 15. Rad1 Qd6 16. g3 Ne4 17. Bc1 Ng5 18. Qg2 Re7 19. e4 Rae8 20.
Bxg5 f6 21. Bf4 Qd7 22. Bxc7 Qxc7 23. Qf1 Qb6 24. exd5 cxd5 25. Rxe7 Rxe7 26.
Re1 Rc7 27. Qe2 Rc8 28. Qc2 g6 29. Re7 d4 30. Bxg6 dxc3 31. bxc3 f5 32. Qxf5
Rf8 33. Qd5+ Kh8 34. Rxh7# 1-0

[Event "Detroit (MOR/1a/65)"]
[Site "?"]
[Date "1992.??.??"]
[Round "?"]
[White "Pratto, R."]
[Black "Shelters, Richard"]
[Result "0-1"]
[WhiteElo "1605"]
[BlackElo "1605"]
[PlyCount "94"]
[EventDate "1992.??.??"]

1. d4 Nf6 2. Nf3 d5 3. e3 Bg4 4. Nbd2 a6 5. Bd3 Nc6 6. O-O e5 7. dxe5 Nxe5 8.
Be2 Ng6 9. b3 Bd6 10. Bb2 Qe7 11. Bxf6 Qxf6 12. h3 Bxf3 13. Nxf3 O-O-O 14. Bd3
Ne5 15. Nxe5 Qxe5 16. g3 h5 17. Qf3 h4 18. Qf5+ Qe6 19. g4 Kb8 20. Qxe6 fxe6
21. Rad1 e5 22. c4 c6 23. cxd5 cxd5 24. Rc1 a5 25. Rc2 Rhf8 26. Rfc1 b6 27. Bb5
Bc5 28. Rd1 d4 29. exd4 exd4 30. Re2 Rf4 31. Rde1 d3 32. Rb2 Bd4 33. Rd2 Bc3
34. Rxd3 Bxe1 35. Rxd8+ Kc7 36. Rd7+ Kc8 37. Rxg7 Bxf2+ 38. Kg2 Bd4 39. Rh7
Rf2+ 40. Kh1 Rxa2 41. g5 Ra1+ 42. Kg2 Rg1+ 43. Kf3 Rxg5 44. Rxh4 Rxb5 45. Rxd4
Rxb3+ 46. Kf4 Rb4 47. Rxb4 axb4 0-1

[Event "Detroit (Pan Am/5)"]
[Site "?"]
[Date "1992.??.??"]
[Round "?"]
[White "Pratto, R."]
[Black "Rosenberg, Steve"]
[Result "0-1"]
[WhiteElo "1605"]
[BlackElo "1805"]
[PlyCount "136"]
[EventDate "1992.??.??"]

1. d4 Nf6 2. Nf3 d6 3. e3 g6 4. Bd3 Bg7 5. Nbd2 Nc6 6. c3 O-O 7. O-O e5 8. Qc2
Re8 9. dxe5 dxe5 10. Ne4 Bg4 11. Nxf6+ Qxf6 12. Be4 Rad8 13. h3 Bc8 14. Bd2 Rd6
15. Rad1 Red8 16. Bc1 Qe7 17. Rd2 Be6 18. b3 Qd7 19. Rfd1 f5 20. Rxd6 cxd6 21.
Bxc6 bxc6 22. c4 h6 23. e4 f4 24. Bb2 Qe7 25. Qd2 Rd7 26. Ba3 c5 27. Bb2 g5 28.
Qe2 g4 29. hxg4 Bxg4 30. Qd3 Qf7 31. Rd2 Qh5 32. Nh2 Be6 33. f3 Bf8 34. Qe2 Rg7
35. Qf1 Qg5 36. Bc3 h5 37. Kf2 Qg3+ 38. Kg1 h4 39. Qf2 Qg5 40. Kf1 Qh5 41. Ke2
h3 42. gxh3 Bxh3 43. Rd1 Bg2 44. Nf1 Bh1 45. Nd2 Rg2 46. Rg1 Qh2 47. Rxg2+ Bxg2
48. Kd3 Qh3 49. Kc2 Be7 50. Qe2 Qg3 51. a3 Kf8 52. b4 cxb4 53. axb4 Bh4 54. c5
Be7 55. c6 Bd8 56. b5 Bb6 57. Bb4 Qg6 58. Nc4 Bc7 59. Nxe5 Qg8 60. Qd2 Qa2+ 61.
Kc3 Qa1+ 62. Kb3 Qb1+ 63. Ka4 Qa1+ 64. Ba3 Qxe5 65. Qxg2 Qd4+ 66. Bb4 Qd1+ 67.
Ka3 Qd3+ 68. Kb2 Qxb5 0-1

[Event "Detroit (Pan Am/3)"]
[Site "?"]
[Date "1992.??.??"]
[Round "?"]
[White "Pratto, R."]
[Black "Pukel, B."]
[Result "0-1"]
[WhiteElo "1605"]
[BlackElo "1900"]
[PlyCount "66"]
[EventDate "1992.??.??"]

1. d4 Nf6 2. Nf3 g6 3. e3 Bg7 4. Bd3 O-O 5. Nbd2 d6 6. O-O c5 7. c3 Qc7 8. Ne4
Nbd7 9. Nfg5 d5 10. Nxf6+ exf6 11. Nf3 c4 12. Bc2 f5 13. Ne1 Nf6 14. f4 Re8 15.
Nf3 Ng4 16. h3 Nh6 17. Nh2 Qe7 18. g3 Bd7 19. Qf3 Qe6 20. Bd2 b5 21. Rf2 Bf8
22. a3 a5 23. Rg2 Kh8 24. g4 Qd6 25. Qg3 fxg4 26. Nxg4 Nf5 27. Bxf5 Bxf5 28.
Ne5 Qe6 29. Rh2 f6 30. Nf3 g5 31. Kg2 Bd6 32. Kg1 Qe4 33. Ne1 Bxf4 0-1

[Event "Detroit (MOR/6/76)"]
[Site "?"]
[Date "1992.??.??"]
[Round "?"]
[White "Pratto, R."]
[Black "Koernke, R."]
[Result "1-0"]
[WhiteElo "1605"]
[BlackElo "1605"]
[PlyCount "83"]
[EventDate "1992.??.??"]

{6/(76)} 1. d4 d5 2. Nf3 e6 3. e3 c5 4. c3 Nf6 5. Bd3 Be7 6. Nbd2 Nc6 7. O-O
O-O 8. e4 dxe4 9. Nxe4 cxd4 10. cxd4 Nxd4 11. Nxd4 Qxd4 12. Qc2 h6 13. Be3 Qd8
14. Rad1 Nd5 15. Nc3 Qa5 16. Nxd5 exd5 17. Rfe1 Be6 18. Bd4 Rac8 19. Qb1 Bc5
20. Rxe6 fxe6 21. Bh7+ Kh8 22. Bxg7+ Kxg7 23. Qg6+ Kh8 24. Qxh6 Bxf2+ 25. Kh1
Be3 26. Qh4 Qd2 27. Bf5+ Bh6 28. Rxd2 Rxf5 29. Qxh6+ Kg8 30. Qxe6+ Kg7 31. Rd1
Rcf8 32. Kg1 b6 33. Qe2 Kh7 34. Rf1 Rxf1+ 35. Qxf1 Rxf1+ 36. Kxf1 Kg6 37. Ke2
Kf5 38. Kd3 Ke5 39. h4 Kf4 40. g3+ Ke5 41. h5 Kf5 42. g4+ 1-0

[Event "Ann Arbor (HVA/3/9)"]
[Site "?"]
[Date "1992.??.??"]
[Round "?"]
[White "Potter, George"]
[Black "Welch, Joseph"]
[Result "1/2-1/2"]
[WhiteElo "1870"]
[BlackElo "1605"]
[PlyCount "71"]
[EventDate "1992.??.??"]

{3/(9)} 1. e4 e6 2. d4 d5 3. Bd3 dxe4 4. Bxe4 Nf6 5. Bf3 h6 6. Ne2 Bd6 7. c4 c6
8. O-O O-O 9. Nbc3 Nbd7 10. Re1 Qc7 11. g3 b6 12. Bf4 Rb8 13. a3 Re8 14. b4
Bxf4 15. Nxf4 Bb7 16. Qd2 Rbd8 17. Qc2 e5 18. dxe5 Nxe5 19. Be2 c5 20. Rad1
Rxd1 21. Rxd1 Nf3+ 22. Bxf3 Bxf3 23. Rb1 cxb4 24. axb4 Qxc4 25. Qb2 a6 26. Ng2
Qc6 27. Nh4 Bg4 28. Ng2 g5 29. Ne3 Bh3 30. Ncd1 Qf3 31. Rc1 Ng4 32. Qd2 Nxe3
33. Nxe3 Qb7 34. Re1 a5 35. bxa5 bxa5 36. Rd1 1/2-1/2

[Event "Detroit (MI Op/5/34)"]
[Site "?"]
[Date "1992.??.??"]
[Round "?"]
[White "Potter, George"]
[Black "Grams, Paul"]
[Result "1-0"]
[WhiteElo "1815"]
[BlackElo "1890"]
[PlyCount "55"]
[EventDate "1992.??.??"]

{5/(34)} 1. e4 c5 2. Nf3 Nc6 3. d4 cxd4 4. Nxd4 Nf6 5. Nc3 d6 6. Be2 e6 7. Be3
Be7 8. O-O O-O 9. Qd2 a6 10. f4 Qc7 11. Rf2 b5 12. a3 Bb7 13. Bf3 Rac8 14. h3
Na5 15. Nde2 Nc4 16. Qc1 Rfd8 17. b4 d5 18. exd5 Nxd5 19. Nxd5 exd5 20. Bd4
Nxa3 21. Qxa3 Qxc2 22. Rc1 Qg6 23. Rff1 Ra8 24. Rc7 Bxb4 25. Qxb4 Bc8 26. Kh2
Bf5 27. Rfc1 h5 28. R1c6 1-0

[Event "Detroit (MI Op/1a/21)"]
[Site "?"]
[Date "1992.??.??"]
[Round "?"]
[White "Potter, George"]
[Black "Gabbara, Faris"]
[Result "0-1"]
[WhiteElo "1815"]
[BlackElo "2090"]
[PlyCount "64"]
[EventDate "1992.??.??"]

1. e4 c5 2. Nf3 e6 3. d4 cxd4 4. Nxd4 a6 5. Be3 Nf6 6. Nd2 Nc6 7. f4 Be7 8. Be2
Qc7 9. O-O Bc5 10. c3 b5 11. Bd3 e5 12. fxe5 Nxe5 13. Bf4 d6 14. Bc2 Bg4 15.
N2f3 Nxf3+ 16. gxf3 Bh3 17. Rf2 g5 18. Be3 Rg8 19. Kh1 g4 20. Qe2 O-O-O 21. a4
g3 22. hxg3 Nh5 23. Bf4 Rxg3 24. Qe3 Qe7 25. Rg1 Rxg1+ 26. Kxg1 Rg8+ 27. Kh1
Qh4 28. Bh2 Ng3+ 29. Bxg3 Qxg3 30. Qe1 Bg2+ 31. Kg1 Bxf3+ 32. Kf1 Qg1# 0-1

[Event "Detroit (MI Op/6/24)"]
[Site "?"]
[Date "1992.??.??"]
[Round "?"]
[White "Potter, George"]
[Black "Ball, Ed"]
[Result "1-0"]
[WhiteElo "1815"]
[BlackElo "1945"]
[PlyCount "81"]
[EventDate "1992.??.??"]

{6/(24)} 1. e4 e6 2. d4 d5 3. Bd3 c5 4. c3 Nc6 5. Be3 Qb6 6. Qb3 Nf6 7. f3 Be7
8. Ne2 O-O 9. Nd2 Qxb3 10. axb3 cxd4 11. Nxd4 Nxd4 12. Bxd4 dxe4 13. Nxe4 a6
14. Ke2 Bd7 15. Rhd1 Bc6 16. Nxf6+ Bxf6 17. Bxf6 gxf6 18. Ke3 Rad8 19. Be4 Bxe4
20. fxe4 Kg7 21. Rd4 e5 22. Rd5 Rxd5 23. exd5 f5 24. g3 Rd8 25. Rd1 Rd6 26. c4
b6 27. b4 Rh6 28. d6 Rxh2 29. d7 Rg2 30. d8=Q Rxg3+ 31. Kf2 f4 32. Rg1 Rxg1 33.
Kxg1 Kg6 34. Qd6+ Kf5 35. Qxb6 e4 36. Kf2 Kg4 37. Qb7 e3+ 38. Ke2 h5 39. Qg2+
Kf5 40. Kf3 Ke5 41. Qg5+ 1-0

[Event "Flint (Class B/4)"]
[Site "?"]
[Date "1992.??.??"]
[Round "?"]
[White "Pope, Nick"]
[Black "Sledge, Ernest"]
[Result "0-1"]
[WhiteElo "1670"]
[BlackElo "1690"]
[PlyCount "152"]
[EventDate "1992.??.??"]

1. e4 c5 2. c3 d6 3. d4 cxd4 4. cxd4 Nf6 5. Nc3 Bd7 6. Nf3 h6 7. Bc4 e6 8. Bb3
Be7 9. Be3 O-O 10. O-O Bc6 11. d5 Bd7 12. dxe6 fxe6 13. Nd4 Nc6 14. Bxe6+ Kh8
15. Bxd7 Qxd7 16. Qd2 Ne5 17. Nf5 Nxe4 18. Nxe4 Rxf5 19. Rac1 Raf8 20. Ng3 R5f7
21. Bxa7 Qa4 22. Bd4 Qxa2 23. Bc3 Bg5 24. Qxd6 Bxc1 25. Rxc1 Ng4 26. Nh5 Nf6
27. Nf4 Kg8 28. Re1 Qa6 29. Qd1 Re8 30. Rxe8+ Nxe8 31. g3 Qc6 32. Qe2 Nf6 33.
Ng6 Qe4 34. Nf4 Qxe2 35. Nxe2 Ne4 36. Bd4 Nd6 37. Bc3 Rd7 38. Kg2 Ne4 39. Bd4
Kf7 40. f3 Ng5 41. Bc3 Ne6 42. Kf2 Nc5 43. Nf4 Na4 44. Ne2 Nxc3 45. bxc3 Ke6
46. Nf4+ Kf5 47. Ke2 g5 48. Ng2 Rd8 49. Ne3+ Kg6 50. Nd1 Rd6 51. Ne3 Kf7 52.
Ke1 Ra6 53. Nc2 Ke6 54. Ke2 Ke5 55. Kd3 Rd6+ 56. Nd4 Kd5 57. Nf5 Rb6 58. Ne3+
Kc5 59. Kc2 Rf6 60. Ng4 Rxf3 61. Nxh6 Rf2+ 62. Kb3 Rxh2 63. Nf7 g4 64. Ne5 Rg2
65. Nxg4 Rxg3 66. Nf2 Re3 67. Nd1 Re8 68. Nb2 b5 69. Kc2 Re2+ 70. Kb3 Rh2 71.
Ka3 Rh3 72. Kb3 b4 73. Nd1 bxc3 74. Kc2 Kc4 75. Kb1 Rh2 76. Kc1 Kd3 0-1

[Event "Flint (Class B/2)"]
[Site "?"]
[Date "1992.??.??"]
[Round "?"]
[White "Pope, Nick"]
[Black "Mose, Greg"]
[Result "1-0"]
[WhiteElo "1670"]
[BlackElo "1615"]
[PlyCount "92"]
[EventDate "1992.??.??"]

1. e4 g6 2. Nf3 d6 3. d4 Bg7 4. Be3 Nf6 5. Bd3 O-O 6. h3 Nbd7 7. Qd2 c5 8. c3
a6 9. a4 Rb8 10. O-O b5 11. a5 Bb7 12. d5 c4 13. Bc2 Nc5 14. Bxc5 dxc5 15. Qe3
Rc8 16. Rd1 b4 17. Nbd2 b3 18. Bb1 Re8 19. Nxc4 e6 20. Nb6 Rc7 21. c4 exd5 22.
cxd5 c4 23. Ra4 Nxe4 24. Bxe4 f5 25. Ng5 fxe4 26. Rxc4 Rxc4 27. Nxc4 Bxd5 28.
Nb6 Re5 29. Nxe4 Qe8 30. f3 Bxe4 31. fxe4 Rxe4 32. Qxb3+ Kh8 33. Qf3 Re1+ 34.
Rxe1 Qxe1+ 35. Kh2 Be5+ 36. g3 Qd2+ 37. Qg2 Qxg2+ 38. Kxg2 Bxb2 39. Kf3 Bc3 40.
Nc4 Kg7 41. Ke4 Kf6 42. Kd5 Kf5 43. Nd6+ Kg5 44. Nb7 Be1 45. Kc6 Bxg3 46. Kb6
Be1 1-0

[Event "Lansing (Apr)"]
[Site "?"]
[Date "1992.??.??"]
[Round "?"]
[White "Pope, Nick"]
[Black "Asbury, Victor"]
[Result "0-1"]
[WhiteElo "1730"]
[BlackElo "1605"]
[PlyCount "116"]
[EventDate "1992.??.??"]

1. e4 c5 2. c3 Nc6 3. Nf3 g6 4. d4 b6 5. Bc4 Bg7 6. Ng5 e6 7. Qf3 Nh6 8. dxc5
bxc5 9. Bf4 Ne5 10. Qe2 O-O 11. Nd2 a5 12. Ndf3 Nxc4 13. Qxc4 Qb6 14. Qb3 Qxb3
15. axb3 Ra6 16. O-O d5 17. Rfd1 f6 18. Nh3 e5 19. Bxh6 Bxh6 20. Kf1 d4 21. Ne1
f5 22. exf5 Rxf5 23. Ng1 Be3 24. Ngf3 Bh6 25. g4 Rxf3 26. Nxf3 Bxg4 27. Nxe5
Bxd1 28. Rxd1 dxc3 29. Rd8+ Kg7 30. Rd7+ Kf6 31. Nd3 c2 32. Rxh7 c1=Q+ 33. Nxc1
Bxc1 34. Rc7 Bxb2 35. Rxc5 Ba3 36. Rd5 Bb4 37. Rd3 Re6 38. Kg2 Rc6 39. Rd1 Rc3
40. Rb1 Kf5 41. Kf1 Rh3 42. Kg2 Rc3 43. Kf1 Kf4 44. Kg2 g5 45. h3 Rf3 46. Rb2
Rd3 47. Rb1 Rd2 48. Rc1 Rb2 49. Rc4+ Kf5 50. Rc8 Rxb3 51. Rh8 Rb2 52. Rh7 a4
53. Rf7+ Kg6 54. Rb7 a3 55. Rb6+ Kh5 56. Ra6 a2 57. Kf3 Rb3+ 58. Ke4 Ra3 0-1

[Event "Flint (Class DE/5)"]
[Site "?"]
[Date "1992.??.??"]
[Round "?"]
[White "Pontoni, M."]
[Black "Tsuji, J."]
[Result "0-1"]
[WhiteElo "1605"]
[BlackElo "1605"]
[PlyCount "112"]
[EventDate "1992.??.??"]

1. e4 c6 2. d4 d5 3. Nc3 dxe4 4. Nxe4 Bf5 5. Ng3 Bg6 6. Nf3 Nd7 7. Bc4 e6 8.
O-O Ngf6 9. Re1 Be7 10. Bg5 h6 11. Bxf6 Nxf6 12. Qe2 Nd5 13. Bxd5 cxd5 14. c4
O-O 15. cxd5 Qxd5 16. b3 Rac8 17. Rac1 Ba3 18. Rxc8 Rxc8 19. Rd1 Rc2 20. Rd2
Rc1+ 21. Rd1 Qc6 22. Ne5 Qc2 23. Qxc2 Rxc2 24. Nxg6 fxg6 25. Ne4 Rxa2 26. Nc5
Bxc5 27. dxc5 Kf7 28. Rb1 a5 29. g3 Ke7 30. b4 Kd7 31. bxa5 Kc7 32. Rb6 Rxa5
33. Rxe6 Rxc5 34. Re7+ Kc6 35. Rxg7 g5 36. Rg6+ Kb5 37. Rxh6 Kc4 38. Rh5 b5 39.
Kf1 b4 40. Ke1 Kc3 41. h4 Kc2 42. Rxg5 Rxg5 43. hxg5 b3 44. Ke2 b2 45. Kf3 b1=Q
46. Kg4 Kd3 47. Kf5 Qb6 48. f4 Qb5+ 49. Kg6 Ke4 50. Kh6 Qc6+ 51. Kh7 Kf5 52.
g4+ Kxf4 53. g6 Qh1+ 54. Kg8 Kg5 55. g7 Kg6 56. Kf8 Qa8+ 0-1

[Event "Flint (Class DE/4)"]
[Site "?"]
[Date "1992.??.??"]
[Round "?"]
[White "Pontoni, M."]
[Black "Sabo, B."]
[Result "1/2-1/2"]
[WhiteElo "1605"]
[BlackElo "1605"]
[PlyCount "116"]
[EventDate "1992.??.??"]

1. e4 e5 2. Nf3 d6 3. Bc4 Qe7 4. d3 Be6 5. Bxe6 Qxe6 6. Nc3 Be7 7. Nd5 Na6 8.
b4 c6 9. b5 cxd5 10. exd5 Qxd5 11. c4 Qc5 12. bxa6 Qa5+ 13. Bd2 Qxa6 14. Qb3
Nf6 15. c5 O-O 16. cxd6 Bxd6 17. Bg5 Nd7 18. O-O Nc5 19. Qd5 Qxd3 20. Qxd3 Nxd3
21. Rad1 e4 22. Nd2 Nc5 23. Be3 f5 24. Nc4 Be7 25. Bxc5 Bxc5 26. Rd5 Rac8 27.
Ne5 Rfd8 28. Rfd1 Rxd5 29. Rxd5 Bd6 30. g3 Bxe5 31. Rxe5 g6 32. Re7 Rc1+ 33.
Kg2 Rb1 34. a4 Rb2 35. Kf1 Rb4 36. h4 a6 37. Ke2 Rb3 38. a5 b5 39. Ra7 Ra3 40.
Rxa6 b4 41. Rb6 b3 42. a6 Ra2+ 43. Ke3 b2 44. a7 Ra3+ 45. Ke2 b1=Q 46. Rb8+ Kg7
47. Rxb1 Rxa7 48. Ke3 h6 49. Rb3 Rd7 50. Ra3 Rd6 51. f3 Rd3+ 52. Rxd3 exd3 53.
Kxd3 Kf6 54. Ke3 Ke5 55. g4 f4+ 56. Kf2 Kd4 57. Ke2 Ke5 58. Kd3 Kd5 1/2-1/2

[Event "East Lansing (MI Am/2)"]
[Site "?"]
[Date "1992.??.??"]
[Round "?"]
[White "Pontoni, M."]
[Black "Niemi, G."]
[Result "1-0"]
[WhiteElo "1605"]
[BlackElo "1605"]
[PlyCount "73"]
[EventDate "1992.??.??"]

1. e4 e5 2. Nf3 Nf6 3. Nxe5 Nxe4 4. Qe2 d5 5. d3 Nf6 6. Nc6+ Be7 7. Nxd8 Kxd8
8. Bg5 Nc6 9. Nc3 Bg4 10. f3 Be6 11. O-O-O a6 12. Bxf6 Bxf6 13. Na4 Nd4 14. Qf2
b6 15. g4 h6 16. Kb1 Nc6 17. Nxb6 Rb8 18. Na4 Bd7 19. b3 Nb4 20. Nc5 Bb5 21. d4
Nc6 22. Nxa6 Bxa6 23. Bxa6 Nb4 24. Bd3 Ra8 25. a4 Nc6 26. Bb5 Na7 27. c4 dxc4
28. Bxc4 Ke8 29. Rhe1+ Kf8 30. d5 g6 31. Qc5+ Kg7 32. Qxc7 Nc8 33. d6 Ra7 34.
Qc5 Rd7 35. Bb5 Rdd8 36. d7 Ne7 37. Rxe7 1-0

[Event "East Lansing (MI Am/4)"]
[Site "?"]
[Date "1992.??.??"]
[Round "?"]
[White "Pontoni, M."]
[Black "Kruskie, Jerry"]
[Result "0-1"]
[WhiteElo "1605"]
[BlackElo "1835"]
[PlyCount "62"]
[EventDate "1992.??.??"]

1. e4 c5 2. Nf3 Nc6 3. Bb5 g6 4. d4 cxd4 5. Nxd4 Bg7 6. Be3 e6 7. Nc3 Nge7 8.
O-O O-O 9. Qd2 a6 10. Bxc6 bxc6 11. Bh6 d5 12. e5 c5 13. Nf3 Bd7 14. Qf4 Bxh6
15. Qxh6 Nf5 16. Qh3 Kg7 17. Kh1 h5 18. g4 hxg4 19. Qxg4 Rh8 20. Ne2 Bb5 21.
Rae1 Rh6 22. Ng5 Qe7 23. Rg1 Bxe2 24. Rxe2 Rah8 25. Rg2 Rh4 26. Nxe6+ Qxe6 27.
Qg5 R8h5 28. Qf6+ Qxf6 29. exf6+ Kxf6 30. Re8 Nd4 31. c3 Nf3 0-1

[Event "Flint (Class DE/2)"]
[Site "?"]
[Date "1992.??.??"]
[Round "?"]
[White "Pontoni, M."]
[Black "Berlinger, Bradley"]
[Result "1-0"]
[WhiteElo "1605"]
[BlackElo "1605"]
[PlyCount "117"]
[EventDate "1992.??.??"]

1. e4 e5 2. Nf3 Nc6 3. Bc4 Nf6 4. Ng5 d5 5. exd5 Nxd5 6. d3 Be7 7. Qh5 Bxg5 8.
Bxd5 Qxd5 9. Qxg5 O-O 10. Qg3 g6 11. Bh6 Re8 12. Qg5 Qe6 13. O-O Nd4 14. Nc3
Nf5 15. Rae1 f6 16. Qd2 g5 17. f4 Nxh6 18. fxe5 Qb6+ 19. Kh1 Rxe5 20. Rxe5 fxe5
21. Qxg5+ Qg6 22. Qd8+ Kg7 23. Rf3 Ng4 24. Qe7+ Kh8 25. Rf8+ Qg8 26. Rxg8+ Kxg8
27. Qxc7 b6 28. h3 Ne3 29. Qxe5 Bb7 30. Qxe3 Rf8 31. Ne4 Bd5 32. Qg5+ Kh8 33.
Qxd5 a5 34. Qd4+ Kg8 35. Nf6+ Kf7 36. Nxh7 Re8 37. Qf4+ Ke6 38. Qf6+ Kd7 39.
Nf8+ Kc8 40. Qc6+ Kb8 41. Qxe8+ Ka7 42. Nd7 Ka6 43. c4 Kb7 44. Qb8+ Kc6 45.
Ne5+ Kc5 46. Nd7+ Kc6 47. Nxb6 Kc5 48. g4 Kd4 49. Qe8 Kxd3 50. g5 Kc2 51. g6
Kxb2 52. g7 Ka3 53. g8=Q a4 54. Qxa4+ Kb2 55. Qb3+ Kc1 56. Qg1+ Kd2 57. Qf3 Kc2
58. Qgg2+ Kc1 59. Qff1# 1-0

[Event "Detroit (MI Op/2/43)"]
[Site "?"]
[Date "1992.??.??"]
[Round "?"]
[White "Pirochta, T."]
[Black "Morabito, Matthew"]
[Result "0-1"]
[WhiteElo "1925"]
[BlackElo "1695"]
[PlyCount "112"]
[EventDate "1992.??.??"]

{2/(43)} 1. e4 c5 2. d4 cxd4 3. c3 dxc3 4. Nxc3 Nc6 5. Nf3 d6 6. Bc4 g6 7. O-O
Bg7 8. Qb3 e6 9. Rd1 Na5 10. Bb5+ Bd7 11. Qb4 Nc6 12. Qxd6 Nge7 13. Bg5 h6 14.
Bh4 g5 15. Bg3 a6 16. Ba4 b5 17. Bb3 Ra7 18. Ne5 Nxe5 19. Bxe5 Bxe5 20. Qxe5
Ng6 21. Qd4 Qb8 22. h4 gxh4 23. Rd2 Rg8 24. a4 Nf4 25. f3 b4 26. Nd1 h3 27. Ne3
hxg2 28. Nxg2 e5 29. Qc4 Ne6 30. Kh2 a5 31. Ne3 Rc7 32. Qf1 Nf4 33. Nd5 Nxd5
34. Bxd5 Qd8 35. Qf2 Qg5 36. Kh1 Qh5+ 37. Qh2 Qxf3+ 38. Rg2 Rxg2 39. Qxg2 Qxg2+
40. Kxg2 Rc2+ 41. Kf3 Rxb2 42. Rh1 Rc2 43. Rxh6 Rc3+ 44. Ke2 b3 45. Rb6 Bxa4
46. Kd2 Rg3 47. Kc1 Rg1+ 48. Kb2 Rg2+ 49. Kc3 Rg3+ 50. Kb2 Rg2+ 51. Kc3 b2 52.
Rxb2 Rxb2 53. Kxb2 Bd7 54. Ka3 Ke7 55. Bb3 Kd6 56. Bc2 Kc5 0-1

[Event "Lansing (Apr)"]
[Site "?"]
[Date "1992.??.??"]
[Round "?"]
[White "Pirochta, T."]
[Black "Gatchalian, F."]
[Result "1-0"]
[WhiteElo "1895"]
[BlackElo "1815"]
[PlyCount "74"]
[EventDate "1992.??.??"]

1. e4 c5 2. d4 cxd4 3. c3 dxc3 4. Nxc3 Nc6 5. Nf3 d6 6. Bc4 e6 7. O-O Be7 8.
Bf4 a6 9. a4 Nf6 10. Qe2 e5 11. Be3 O-O 12. Rfd1 Ng4 13. Bc5 Nf6 14. Rd2 Qc7
15. Ba3 Bg4 16. Ba2 Nd4 17. Qe3 Bxf3 18. gxf3 Qc8 19. f4 Qg4+ 20. Kh1 Nf3 21.
Rd3 Nh4 22. Rg1 Qxf4 23. Qxf4 exf4 24. e5 Nd7 25. exd6 Bf6 26. Ne4 Be5 27. Bd5
Rab8 28. Nc5 Nxc5 29. Bxc5 Rfd8 30. Bd4 Bxd4 31. Rxd4 Ng6 32. Rc1 Ne5 33. Re1
Ng4 34. Re7 Nf6 35. Bxf7+ Kf8 36. Rc7 Rd7 37. Be6 Rdd8 1-0